Quizzes
Events
Quiz Creation
Community
Videos
Private Events
Remove Ads
Sign In
Join for FREE
Feedback
Dark Mode
Quiz Categories
Sports
Geography
Music
Movies
Television
Just For Fun
Miscellaneous
History
Literature
Language
Science
Gaming
Entertainment
Religion
Holiday
For Kids
Quiz Lab
Recent
Popular Today
Quiz Kudos Today
Editor Picks
Curator Picks
Quizzes by...
Day
Popularity
Type
Ratings
Length
Year
Community
Subscriptions
Recent Discussions
Orange Saloon
Badges
Playlists
Quests
Create
Leaderboards
Showdown
Live 5
Trivia Bingo
Activity
Puzzle Library
Sporcle Events
Private Events
Virtual Trivia
Globe League
Become a Host
Pub Owners
SporcleCon
Opinionation
Our Games
Videos
Blog
Mobile Apps
Partnerships
Remove Ads and Go Orange
Feedback
Movies
Disney
Marvel Cinematic Universe
Movie Resume
Movie Titles
Oscar
Actor
Actress
Director
Pixar
Role
Movie Quotes
Movie Characters
Box Office
Nominee
Best Picture
Star Wars
James Bond
Horror Movies
Movies
Disney
Marvel Cinematic Universe
Movie Resume
Movie Titles
Oscar
Actor
Actress
Director
Pixar
Role
Movie Quotes
Movie Characters
Box Office
Nominee
Best Picture
Star Wars
James Bond
Horror Movies
Random Quiz
Search Sporcle
×
Quiz Lab
Quiz Lab
Movies
Quote
Select answers by clicking on text or image buttons
Select answers by clicking on text or image buttons
Clickable
Best Score? Go Orange.
Follow that Line: Dead Man's Chest Stats
Can you finish the quote from Pirates of the Caribbean: Dead Man's Chest
By
cupquake
7m
21 Questions
406 Plays
406 Plays
406 Plays
Comments
Comments
Give Quiz Kudos
Give Quiz Kudos
-
- Ratings
hide this ad
Forced Order
Answers have to be entered in order
Answers have to be entered in order
Random Order
Randomize order of answers
Randomize order of answers
Replay
Link that replays current quiz
Next Quiz
Link to next quiz in quiz playlist
You Got
0%
They Got
Avg Score
92%
Avg Friend Score
Upgrade to see
Score Distribution
Jump to the score distribution portion of the page
Score
0/21
Timer
07:00
0
Plays Today
% Correct
I got a jar of dirt, I got a jar of dirt, and guess what's inside it!
96.5%
It's the bible, you get credit for tryin'.
96.5%
to keep my head warm?
95%
Keys... unlock... *things*?
95%
Sea turtles, mate. A pair of them strapped to my feet.
94.8%
Then you were a poor captain, but a captain nonetheless! Have you not introduced yourself all these years as 'Captain Jack Sparrow'?
94.8%
Let's just haul out our swords and start banging away at each other! That will solve everything! I've had it! I've had it with wobbly-legged, rum-soaked pirates!
94.6%
I do that quite a lot. Yet people are always surprised.
94.6%
Unique here having the meaning of *broken*?
94.6%
I'm afraid currency is the currency of the realm.
94.1%
I love those moments. I like to wave at them as they pass by.
93.1%
% Correct
I'm deeply flattered, son, but my first and only love is the sea.
93.1%
Yes to the first, yes to the second, but only insofar as we keep to the shallows as much as possible.
93.1%
poor Will has been press-ganged into Davy Jones's crew.
92.6%
you'll discover something. That you're a good man.
92.3%
he's in love? With a girl. Due to be married. Betrothed. Dividing him from her and her from him would only be half as cruel as actually allowing them to be joined in holy matrimony, eh?
91.8%
Oh, I prefer to see it as the promise of redemption.
91.1%
Oh. Except for a sense of honor and decency and a moral center. And personal hygiene.
90.3%
informs me that you are troubled.
88.9%
To act on selfish impulse. You want to see what it's like. One day you won't be able to resist.
88.9%
It's a mythological creature, I can calls it what I wants!
87.4%
Quiz Playlist
Details
Report
Send in Message
Add To Playlist
Clickable:
Select answers by clicking on text or image buttons
Forced Order:
Answers have to be entered in order
Random Order:
Randomize order of answers
Last Updated: Feb 16, 2017
Quiz Scoreboard
CHALLENGE
Sign Up to Join the Scoreboard
Show All
Scores
Hide
Comments
May contain spoilers
Recently Published
Pick 6: Fruits
by JohnFran
Miscellaneous
15s
Click the 1999 NBA Draft
by nibperrychub
Sports
2m
Alphabetical 'K' Countries by Flag Minefield
by ylime102
Geography
3m
More to Explore
Quiz From the Vault
Featured Blog Post
15 Basketball Trivia Facts You Can Be March Mad About
hide this ad
You Might Also Like...
Tags
Clickable Quiz
Quote Quiz
caribbean
dead
finish
Follow
Man
pirate
Today's Top Quizzes in Movies
Browse Movies
hide this ad
Today's Top Quizzes in Quote
Browse Quote
Top Contributed Quizzes in Movies
1
Pixar Reveal II
2
How Long Is the Movie Title?
3
Pixar Reveal III
4
10 Quentin Tarantino Movies in Order
5
Adjectives in 00s Movies
6
Pixar Reveal IV
7
Adjectives in 10s Movies
8
Movie Stars Gone to the Dogs
9
Pixar Reveal V
10
Adjectives in 90s Movies
Explore More
Trending Topics
Anime
Marvel
Harry Potter
Disney
Crossword
NBA
Kpop
Song
NFL
Country
The Office
Pokémon
Puzzle
WWE
Soccer
hide this ad
More By:
cupquake
Quiz
Plays
Rating
Category
Featured
Created
Follow that Line: Pirates of the Caribbean
63,681
4.63
Movies
Sep 14, 2012
Character Profile: Indiana Jones
4,425
4.26
Movies
Dec 27, 2010
Guess the Villainous Disney Lyrics
2,613
5.00
Music
Dec 23, 2010
Guess the Disney Villainous Lyrics 3
1,887
4.10
Music
Dec 24, 2010
Guess the Villainous Disney Lyrics 5
1,566
5.00
Music
Dec 24, 2010
Go to Creator's Profile
Score Distribution
Quiz Creator Spotlight
cupquake
Follow
Send a Message
Quizzes Created
-
Created Quiz Play Count
-
More By This Creator
Popular Quizzes Today
1
Countries of Asia Without Outlines Minefield
2
Find the US States - No Outlines Minefield
3
Pick 6: Fruits
4
Alphabetical 'K' Countries by Flag Minefield
5
The Countries of the World
6
Click the 1999 NBA Draft
7
Match the Book to the Film X
8
Find the US States
More Movies Quizzes
Fight Club Rules
Editor's Pick
Trending Quizzes
Donkey Kong Minefield
Multiplication Danger Zone
DC Extended Universe: Oldest to Newest
The 3rd Thing You Need to Know: Actresses
Minefield Map: North American Capitals
Recently Updated
Women's Final Four Teams by Year
bhenderson79
Presidents Quartet II
eogle
Anything But Clue(do)
eogle
Anything But Oceanian Capitals
eogle
Anything But 7
eogle
Anything But Thing
eogle
Word Ladder: February 29
pecheneg
Song Title Questions
pecheneg
Women's NCAA Tournament #1 Seeds
pecheneg
Celebrity Mug Shots
pecheneg
Trending Topics
Harry Potter
Crossword
Disney
NBA
Anime
Kpop
Marvel
WWE
Puzzle
Soccer
Pokémon
The Office
NFL
Song
Country
Your Account Isn't Verified!
In order to create a playlist on Sporcle, you need to verify the email address you used during registration. Go to your
Sporcle Settings
to finish the process.
Report this User
Report this user for behavior that violates our
Community Guidelines
.
Details:
Send Report
Go to the Sporcle.com Mobile Site →
Comments